00333nam a2200133Ia 4500008004000000082001600040100002400056245003000080260004300110300000800153650000900161650001400170650001500184210210b2001 xxu||||| |||| 00| 0 eng d a923.5K HARO aHARIJIT (Je Je),Tr. aOndu aitihasika atmakathe aBengaluru.bSaptala Prakashana.,c2001 a180 aOndu aatmakathe aaitihasika